"Investičný boom" s pomocou štátu: Čo stálo za mimoriadnymi hodnotami miery investovania?
Kto chce dobehnúť najvyspelejších, musí zo svojho príjmu investovať väčšiu časť ako ten, kto je „dobiehaný“. Dobiehajúca ekonomika má potom vyššiu mieru investovania (podiel investícií na HDP) ako dobiehaná. Preto nijak neprekvapuje, že v ekonomikách, ktoré v uplynulých dekádach dobiehali alebo pred...
Salvato in:
| Autore principale: | |
|---|---|
| Natura: | Capitolo di libro |
| Lingua: | slovacco |
| Soggetti: | |
| Tags: |
Nessun Tag, puoi essere il primo ad aggiungerne!!
|
MARC
| LEADER | 00000nla a2200000 4500 | ||
|---|---|---|---|
| 001 | 0235193 | ||
| 005 | 20240502073816.7 | ||
| 041 | 0 | |a slo | |
| 044 | |a SK | ||
| 245 | 1 | 0 | |a "Investičný boom" s pomocou štátu: Čo stálo za mimoriadnymi hodnotami miery investovania? |c Karol Morvay |
| 520 | |a Kto chce dobehnúť najvyspelejších, musí zo svojho príjmu investovať väčšiu časť ako ten, kto je „dobiehaný“. Dobiehajúca ekonomika má potom vyššiu mieru investovania (podiel investícií na HDP) ako dobiehaná. Preto nijak neprekvapuje, že v ekonomikách, ktoré v uplynulých dekádach dobiehali alebo predbiehali vtedajšiu výkonnostnú špičku, sú obdobia s mimoriadne vysokou mierou investovania. Mimoriadne vysoká miera investovania bola zaznamenaná aj na Slovensku. Tá však mala aj svoje problematické príčiny a prejavy. | ||
| 610 | 2 | 0 | |a Slovensko |
| 610 | 2 | 0 | |a stratégia investičná |
| 610 | 2 | 0 | |a rast hospodársky |
| 610 | 2 | 0 | |a produkt domáci hrubý |
| 610 | 2 | 0 | |a kapitál fixný |
| 100 | 1 | |a Morvay, Karol, 1973- | |